000 00836nam0a2200277 4500
001 RU\NLR\ONL1\9817
005 20250806203013.0
035 _a(NLR Aleph) 009638565
090 _a72822
_c72822
100 _a20060929d1945 u y0rusy50 ca
101 1 _afiu
_crus
102 _aRU
105 _ay |||||||||
200 1 _aОж нуналъёс
_eрепертуар. сб.
_f[пер. Т. Архипова]
210 _aИжевск
_cУдмуртгосиздат
_d1945
215 _a49,[2] c.
_d20
541 1 _aБоевые дни
_zrus
686 1 _aШ6(2=У)-91Р7 я43
801 0 _aRU
_bNLR
_c20060929
_gPSBO
852 _aNLR
_bОНЛ
_jУдмур./2-458
942 _cBOOK
945 _aРоссийская национальная библиотека
980 _aNB
980 _aBV